[Event "Xstrata ch-AUS 2006"]
[Site "Brisbane AUS"]
[Date "2005.12.29"]
[Round "2"]
[White "Wohl,A"]
[Black "Xie,G"]
[Result "1-0"]
[WhiteElo "2439"]
[BlackElo "2340"]

1.e4 c5 2.Nf3 Nc6 3.Bb5 e6 4.O-O Nge7 5.c3 a6 6.Ba4 b5 7.Bc2 d5 8.a4 b4 9.d4 cxd4
10.cxd4 dxe4 11.Bxe4 Nd5 12.Nbd2 Be7 13.Nb3 Qd6 14.Qc2 h6 15.Bf4 Qd7 16.Nc5 Bxc5
17.Qxc5 f5 18.Bxd5 Qxd5 19.Qxd5 exd5 20.Rfe1+ Kd7 21.Rac1 Bb7 22.Rc5 Rad8
23.Rxd5+ Kc8 24.Rc1 g5 25.Be5 Rh7 26.Rdc5 g4 27.Nh4  1-0

[Event "Master Open"]
[Site "Zurich SUI"]
[Date "2005.12.29"]
[Round "5"]
[White "Warakomski,T"]
[Black "Golod,V"]
[Result "0-1"]
[WhiteElo "2396"]
[BlackElo "2578"]

1.e4 c5 2.Nf3 Nc6 3.Bb5 g6 4.Bxc6 dxc6 5.d3 Bg7 6.h3 Nf6 7.Nc3 O-O 8.Be3 b6
9.Qd2 e5 10.Bh6 Qd6 11.O-O-O a5 12.g4 a4 13.Ne2 b5 14.Ng3 Be6 15.Bxg7 Kxg7
16.Qg5 Nd7 17.Nh5+ Kh8 18.Nf6 Bxa2 19.Nxd7 f6 20.Nxf6 Rxf6 21.Qxe5 Rf8 22.Rd2 Qxe5
23.Nxe5 Rxf2 24.Rxf2 Rxf2 25.Nxc6 b4 26.d4 b3 27.d5 c4 28.Ne5 c3 29.Nc4 cxb2+
30.Nxb2 Rxc2+ 31.Kd1 Rxb2 32.d6 Rf2 33.d7 Rf8 34.Kc1 Rd8 35.Rd1 Kg7 36.Kb2 Kf6
37.h4 Ke6 38.h5 Rxd7 39.Rh1 Ke5 40.Rf1 Kxe4 41.h6 g5 42.Rf5 Rd2+ 43.Ka1 Rd1+  0-1

[Event "Xstrata ch-AUS 2006"]
[Site "Brisbane AUS"]
[Date "2005.12.30"]
[Round "3"]
[White "Ly,M"]
[Black "Guthrie,A"]
[Result "1-0"]
[WhiteElo "2162"]
[BlackElo "2257"]

1.e4 c5 2.Nf3 Nc6 3.Bb5 e6 4.Bxc6 bxc6 5.d3 d6 6.O-O Nf6 7.e5 dxe5 8.Nxe5 Bd6
9.Nc4 Bc7 10.Nc3 Qd4 11.Qf3 Bd7 12.h3 O-O-O 13.Be3 Qh4 14.Bxc5 Nd5 15.Nd6+ Bxd6
16.Bxd6 Qd4 17.Bh2 f5 18.Rfe1 Rhg8 19.Be5 Qh4 20.d4 Nb6 21.a4 g5 22.Qd3 Rdf8
23.Qa6+ Kd8 24.Qxa7 Nc8 25.Qc7+ Ke8 26.d5 cxd5 27.Nxd5 g4 28.Rad1 Qd8 29.Nf6+ Rxf6
30.Qxd8+ Kxd8 31.Bxf6+ Ke8 32.hxg4 Rxg4 33.Rd4 Rg6 34.Be5 Ne7 35.Bd6 Bc6
36.Bg3 Nd5 37.Rc4 Bb7 38.a5 h5 39.a6 Bxa6 40.Rc6 Nb4 41.Rexe6+ Rxe6 42.Rxe6+  1-0

[Event "8th Hilton Schachfestival"]
[Site "Basel SUI"]
[Date "2006.01.01"]
[Round "1"]
[White "Sedina,E"]
[Black "Zanetti,B"]
[Result "1-0"]
[WhiteElo "2371"]
[BlackElo "2049"]

1.e4 c5 2.Nf3 Nc6 3.Bb5 e5 4.c3 d6 5.d4 cxd4 6.cxd4 exd4 7.Nxd4 Bd7 8.Nc3 Nxd4
9.Bxd7+ Qxd7 10.Qxd4 Nf6 11.Bf4 a6 12.Rd1 Rd8 13.O-O Be7 14.e5 dxe5 15.Qxe5 Qe6
16.Qc7 O-O 17.Rde1 Bd6 18.Rxe6 Bxc7 19.Rxf6 gxf6 20.Bxc7 Rd2 21.Ne4 Re2 22.Nxf6+ Kg7
23.Nh5+ Kh6 24.g4 f5 25.Bf4+ Kg6 26.Bd6  1-0

[Event "8th Hilton Schachfestival"]
[Site "Basel SUI"]
[Date "2006.01.01"]
[Round "1"]
[White "Pikula,D"]
[Black "Berberich,C"]
[Result "1-0"]
[WhiteElo "2530"]
[BlackElo "2115"]

1.e4 c5 2.Nf3 Nc6 3.Bb5 g6 4.O-O Nf6 5.Re1 Bg7 6.c3 O-O 7.h3 e5 8.d3 d6 9.Bg5 Qb6
10.Na3 a6 11.Ba4 Be6 12.Qc1 Rfe8 13.Nc2 Qc7 14.Ne3 b5 15.Bb3 Na5 16.Bxf6 Nxb3
17.axb3 Bxf6 18.c4 Reb8 19.Ra3 Rb6 20.Qc2 Rab8 21.Nd5 Bxd5 22.cxd5 Rc8 23.Rea1 Qb7
24.R1a2 h5 25.h4 Kg7 26.g3 Rc7 27.Kg2 Qc8 28.Ra1 Bd8 29.Rc1 Qb7 30.Nd2 Qc8
31.Raa1 Kh7 32.Qd1 Qd7 33.Rc2 Ra7 34.Ra2 Rb8 35.Rc1 a5 36.Nf1 Rba8 37.Rca1 Bb6
38.Ne3 Kg7 39.Qf3 Qe7 40.Rh1 Qf6 41.Nc2 Qxf3+ 42.Kxf3 f5 43.exf5 gxf5 44.Na3 b4
45.Nc4 Bc7 46.Ke3 Kf6 47.f3 Rg8 48.Kf2 Ra6 49.Raa1 Raa8 50.Rhg1 Rh8 51.Rg2 Raf8
52.Re1 Ra8 53.Kg1 a4 54.bxa4 Rxa4 55.f4 Ra6 56.Rf2 Rf8 57.Kg2 Bb8 58.fxe5+ dxe5
59.Rxf5+  1-0

[Event "Xstrata ch-AUS 2006"]
[Site "Brisbane AUS"]
[Date "2006.01.02"]
[Round "5"]
[White "Solomon,SJ"]
[Black "Rogers,I"]
[Result "0-1"]
[WhiteElo "2415"]
[BlackElo "2556"]

1.e4 c5 2.Nf3 Nc6 3.Bb5 e6 4.Bxc6 bxc6 5.d3 Qc7 6.b3 e5 7.Bb2 d6 8.O-O Be7
9.Nbd2 Nf6 10.c3 Ba6 11.Re1 Nd7 12.d4 O-O 13.Re3 Bf6 14.Nf1 Rfe8 15.Ng3 g6
16.h4 Nf8 17.Ne2 Rad8 18.Qc2 Ne6 19.g3 exd4 20.cxd4 Bxe2 21.Rxe2 cxd4 22.Rd1 c5
23.Nh2 Bg7 24.f4 Qb6 25.Kg2 Qa6 26.Nf3 Rb8 27.Qd3 Qxd3 28.Rxd3 d5 29.e5 c4
30.Rxd4 Nxd4 31.Nxd4 Rec8 32.h5 Bf8 33.hxg6 hxg6 34.Kf3 a5 35.e6 Bg7 36.bxc4 fxe6
37.cxd5 exd5 38.Kg4 Rc4 39.Rd2 Rxb2 40.Rxb2 Rxd4 41.Rb6 Kh7 42.Kg5 Rd3 43.g4 Bh6+
44.Kf6 Bxf4 45.g5 Rc3 46.Ra6 d4 47.Rxa5 Rc6+ 48.Kf7 d3  0-1

[Event "8th Hilton Schachfestival"]
[Site "Basel SUI"]
[Date "2006.01.03"]
[Round "3"]
[White "Pikula,D"]
[Black "Zozulia,A"]
[Result "1-0"]
[WhiteElo "2530"]
[BlackElo "2366"]

1.e4 c5 2.Nf3 Nc6 3.Bb5 d6 4.d4 cxd4 5.Qxd4 Qa5+ 6.Nc3 Qxb5 7.Nxb5 Nxd4 8.Nfxd4 Kd8
9.Bg5 Nf6 10.Nc3 Bd7 11.O-O-O Rc8 12.Rhe1 a6 13.f4 h6 14.Bh4 Nh5 15.f5 g5
16.fxg6 fxg6 17.e5 g5 18.Bf2 Rh7 19.Nd5 Bg4 20.Rd2 Nf4 21.Nxf4 gxf4 22.h3 Bd7
23.Bh4 Kc7 24.e6 Bc6 25.Rf1 h5 26.Bg5 Bh6 27.h4 Rf8 28.Bxh6 Rxh6 29.Rdf2 Bd5
30.c4 Bxe6 31.Re1 Kd7 32.Rfe2 Bxc4 33.Rxe7+ Kc8 34.Rg7 Rhf6 35.Kd2 Kb8 36.Rg5 Bf7
37.Re7 Rc8 38.b3 Rc7 39.Rxc7 Kxc7 40.Ke2 Kd7 41.Kf3 Bg6 42.a3 Ke7 43.b4 Be8
44.Rg7+ Bf7 45.Ke4 Kf8 46.Rg5 Bg6+ 47.Kf3 Ke7 48.Ne2 d5 49.Rxd5 Be8 50.Nxf4 Bc6
51.Ke3 Rh6 52.Re5+ Kf7 53.Rg5 Ke7 54.g3 Be8 55.Ke4 Bc6+ 56.Ke5 Bf3 57.Rg7+ Kf8
58.Rc7 Kg8 59.Kf5 Rd6 60.Kg5 Bd1 61.Rc5 Bf3 62.Rc3  1-0

[Event "12th Open A"]
[Site "Bosnjaci CRO"]
[Date "2006.01.03"]
[Round "1"]
[White "Predojevic,B"]
[Black "Saric,Iv"]
[Result "1-0"]
[WhiteElo "2558"]
[BlackElo "2339"]

1.e4 c5 2.Nf3 Nc6 3.Bb5 g6 4.O-O Bg7 5.Re1 Nf6 6.e5 Nd5 7.Nc3 Nc7 8.Bxc6 dxc6
9.Ne4 b6 10.Nf6+ Kf8 11.Ne4 Bf5 12.d3 Qd5 13.h3 Rd8 14.Ng3 Qd7 15.b3 h5 16.Bb2 h4
17.Nxf5 Qxf5 18.Re4 Qxe4 19.dxe4 Rxd1+ 20.Rxd1 Ke8 21.Ng5 Rh5 22.Nf3 Ne6
23.a4 a5 24.Kf1 Ng5 25.Nxg5 Rxg5 26.f4 Rg3 27.Rd3 Rxd3 28.cxd3 Bh6 29.Bc1 Kd7
30.Ke2 f6 31.exf6 exf6 32.Be3 f5 33.exf5 gxf5 34.Bf2 Bxf4 35.Bxh4 Bh6 36.Kf3 Kd6
37.Bd8 c4 38.dxc4 Kc5 39.Ke2 Kb4 40.Bxb6 Kxb3 41.Bxa5 Kxc4 42.Bd2 Bg7 43.h4 c5
44.h5 Bf6 45.h6 Kd5 46.Kd3 c4+ 47.Ke2  1-0

[Event "8th Hilton Schachfestival"]
[Site "Basel SUI"]
[Date "2006.01.05"]
[Round "5"]
[White "Sokolov,And1"]
[Black "Roiz,M"]
[Result "1/2-1/2"]
[WhiteElo "2632"]
[BlackElo "2599"]

1.e4 c5 2.Nf3 Nc6 3.Bb5 d6 4.O-O Bd7 5.c4 g6 6.d4 cxd4 7.Nxd4 Bg7 8.Be3 Nf6
9.f3 O-O 10.Bxc6 bxc6 11.Nc3 e5 12.Nde2 Be6  1/2-1/2

[Event "Xstrata ch-AUS 2006"]
[Site "Brisbane AUS"]
[Date "2006.01.05"]
[Round "8"]
[White "Obst,J"]
[Black "Ly,M"]
[Result "0-1"]
[WhiteElo "2048"]
[BlackElo "2162"]

1.e4 c5 2.Nf3 Nc6 3.Bb5 e6 4.Bxc6 bxc6 5.O-O Qc7 6.d3 e5 7.Re1 d6 8.Nbd2 Nf6
9.Nf1 Be7 10.c3 O-O 11.Ng3 Rb8 12.h3 Re8 13.Qc2 Qb6 14.Re2 a5 15.Be3 Bf8
16.d4 exd4 17.cxd4 Ba6 18.dxc5 dxc5 19.Rd2 Qb4 20.Bf4 Rb7 21.Be5 Nd7 22.Bc3 Qb5
23.e5 h6 24.Rad1 Nb6 25.Nh5 Nd5 26.Qf5 Qc4 27.Qg4 Qxg4 28.hxg4 a4 29.Rc2 Bc4
30.Ra1 Reb8 31.Ne1 Nxc3 32.Rxc3 Bd5 33.Ra3 c4 34.Rxa4 Rxb2 35.Nf4 Rb1 36.Rxb1 Rxb1
37.Kf1 Bb4 38.Rxb4 Rxb4 39.Ne2 Ra4 40.Nc1 c3 41.Ke2 Bxa2 42.Kd3 Bb1+ 43.Kxc3 Rxg4
44.f3 Rh4 45.Nb3 Ba2 46.Nd4 c5 47.Nf5 Rh5 48.g4 Rh1 49.Nd3 Rf1 50.Nxc5 Rxf3+
51.Kd2 Rf4 52.Ne3 Be6 53.Nd3 Ra4 54.Nf2 Ra2+ 55.Ke1 Kf8 56.Kf1 Ke7 57.Kg2 Ra5  0-1

[Event "12th Open A"]
[Site "Bosnjaci CRO"]
[Date "2006.01.06"]
[Round "5"]
[White "Ljubicic,F"]
[Black "Saric,Iv"]
[Result "1-0"]
[WhiteElo "2400"]
[BlackElo "2339"]

1.e4 c5 2.Nf3 Nc6 3.Bb5 g6 4.O-O Bg7 5.Re1 e5 6.d3 Nge7 7.Be3 d6 8.c3 Bg4
9.Nbd2 O-O 10.h3 Bxf3 11.Nxf3 Kh8 12.Qd2 Qb6 13.Bc4 Ng8 14.b4 Nce7 15.Ng5 h6
16.Nxf7+ Kh7 17.bxc5 dxc5 18.f4 exf4 19.Bxf4 Qc6 20.Ne5 Qd6 21.Nf7 Qc6 22.a4 a6
23.a5 Rae8 24.Rf1 Nc8 25.e5 g5 26.Bg3 Nge7 27.Qe2 Ng6 28.Qh5 b5 29.axb6 Nxb6
30.Nxg5+ Kh8 31.Nf7+ Kh7 32.Rf6  1-0

[Event "12th Open A"]
[Site "Bosnjaci CRO"]
[Date "2006.01.06"]
[Round "6"]
[White "Sedlak,N"]
[Black "Rukavina,Dar"]
[Result "1-0"]
[WhiteElo "2512"]
[BlackElo "2225"]

1.e4 c5 2.Nf3 Nc6 3.Bb5 Nf6 4.Bxc6 dxc6 5.d3 Bg4 6.h3 Bxf3 7.Qxf3 e5 8.O-O Qc7
9.Nd2 Bd6 10.Nc4 Nd7 11.Qg3 O-O-O 12.Qxg7 Rdf8 13.Qh6 f6 14.f4 Rfg8 15.fxe5 Bxe5
16.Nxe5 Qxe5 17.Qf4 Qd4+ 18.Qf2 Rg6 19.Qxd4 cxd4 20.Rf5 h5 21.Bf4 h4 22.Rf1 c5
23.Rf2 b6 24.b4 Rh7 25.Rd5 Rg8 26.bxc5 bxc5 27.Bd6 Rg5 28.Rff5 Rhh5 29.Rxg5 Rxg5
30.Rxg5 fxg5 31.Be7  1-0

[Event "Xstrata ch-AUS 2006"]
[Site "Brisbane AUS"]
[Date "2006.01.07"]
[Round "9"]
[White "Wohl,A"]
[Black "Rogers,I"]
[Result "1/2-1/2"]
[WhiteElo "2439"]
[BlackElo "2556"]

1.e4 c5 2.Nf3 Nc6 3.Bb5 e6 4.O-O Nge7 5.Re1 a6 6.Bf1 Ng6 7.c3 Be7 8.d4 cxd4
9.cxd4 d5 10.Nc3 O-O 11.g3 dxe4 12.Nxe4 e5 13.d5 Bg4 14.dxc6 Qxd1 15.Rxd1 Bxf3
16.cxb7 Bxd1 17.bxa8=Q Rxa8 18.Bc4 a5 19.Kg2 Ba4 20.Be3 Bc6 21.f3 Nf8 22.Rc1 Bd7
23.Bd5 Rb8 24.b3 Be6 25.Bc6 Rc8 26.Ba4 Rxc1 27.Bxc1 f5 28.Nd2 Bg5 29.a3 Nd7
30.b4 axb4 31.axb4 Nb6 32.Bb3 Nd5 33.h4 Bh6 34.b5 Kf7 35.Kf2 Be3+ 36.Ke2 f4
37.gxf4 exf4 38.Bb2 g6 39.Nc4 Bc5 40.Be5 Ke7 41.Nd2 Be3 42.Nc4 Bc5 43.Nd2 Be3
44.Nc4  1/2-1/2

[Event "19th Fulprint Congress"]
[Site "York ENG"]
[Date "2006.01.07"]
[Round "3"]
[White "Woolley,J"]
[Black "Tozer,R"]
[Result "1-0"]
[WhiteElo "2082"]
[BlackElo "2302"]

1.e4 c5 2.Nf3 Nc6 3.Bb5 g6 4.O-O Bg7 5.Re1 Nf6 6.e5 Nd5 7.Nc3 Nc7 8.Bxc6 dxc6
9.Ne4 Ne6 10.d3 O-O 11.h3 Qd5 12.Nc3 Qd8 13.Ne4 Qd5 14.Nc3 Qd8 15.a3 Nd4
16.Bf4 Be6 17.Ne4 b6 18.Nh2 c4 19.Ng4 Bxg4 20.hxg4 Ne6 21.Bg3 cxd3 22.cxd3 Qd4
23.Rc1 Qxb2 24.Rxc6 Rfd8 25.a4 Nd4 26.Rc7 Rac8 27.e6 Nxe6 28.Rxe7 Qa3 29.Rxa7 Rxd3
30.Qb1 Rb3 31.Qd1 Rd8 32.Rd7 Ra8 33.Qd5 Qxa4 34.Rxf7 Re8 35.Ng5 Rxg3 36.Rxe6 Rxg2+
37.Kh1 Rxe6 38.Qxe6  1-0

[Event "13th I.Stepichev Mem"]
[Site "Kyiv UKR"]
[Date "2006.01.09"]
[Round "2"]
[White "Kosikov,Al"]
[Black "Perun,S"]
[Result "1/2-1/2"]
[WhiteElo "2427"]
[BlackElo "2355"]

1.e4 c5 2.Nf3 Nc6 3.Bb5 e6 4.O-O Nge7 5.c3 a6 6.Ba4 b5 7.Bc2 d5 8.e5 d4 9.Be4 d3
10.a4 b4 11.cxb4 cxb4 12.Qb3 Na5 13.Qxd3 Qxd3 14.Bxd3 Bb7 15.Be2  1/2-1/2

[Event "13th I.Stepichev Mem"]
[Site "Kyiv UKR"]
[Date "2006.01.11"]
[Round "4"]
[White "Kosikov,Al"]
[Black "Kosikov,An"]
[Result "1-0"]
[WhiteElo "2427"]
[BlackElo "2132"]

1.e4 c5 2.Nf3 Nc6 3.Bb5 g6 4.Bxc6 dxc6 5.d3 Bg7 6.Nc3 Bg4 7.h3 Bxf3 8.Qxf3 Nf6
9.O-O O-O 10.Be3 Nd7 11.Qe2 e5 12.a3 Qe7 13.Qd2 Rfe8 14.b4 cxb4 15.axb4 a6
16.Na4 Bf8 17.Rab1 Qd8 18.f4 exf4 19.Bxf4 Bg7 20.Kh1 b5 21.Nc3 a5 22.Bh6 axb4
23.Bxg7 Kxg7 24.Rxb4 Qe7 25.Rbb1 Qe5 26.d4 Qd6 27.Rf4 f6 28.Rbf1 Re7 29.Qf2 Rae8
30.d5 Rf7 31.Rd1 Nc5 32.Rd4 Ra8 33.dxc6 Qxc6 34.e5 Nd7 35.exf6+ Nxf6 36.Ne4 Ra4
37.Nxf6 Rxd4 38.Qxd4 Rxf6 39.Rxf6 Qxf6 40.Qd7+ Kh6 41.Qxb5 Qf4 42.Qd3 Qc1+
43.Kh2 Qf4+ 44.Qg3 Qd4 45.Qc7 g5 46.c3 Qe4 47.c4 g4 48.Qd6+ Kg5 49.h4+ Kf5
50.Qd5+ Qxd5 51.cxd5 Ke5 52.Kg3 h5 53.d6 Kxd6 54.Kf4 g3 55.Kg5 Ke5 56.Kxh5  1-0

[Event "TCh-AUT 2005-6"]
[Site "Austria AUT"]
[Date "2006.01.13"]
[Round "5"]
[White "Wach,M"]
[Black "Titz,Hei"]
[Result "1-0"]
[WhiteElo "2376"]
[BlackElo "2268"]

1.e4 c5 2.Nf3 Nc6 3.Bb5 g6 4.O-O Bg7 5.Bxc6 dxc6 6.Re1 Nf6 7.d3 O-O 8.Nc3 Bg4
9.h3 Bxf3 10.Qxf3 Ne8 11.Be3 Qa5 12.Qg3 Nd6 13.Qh4 Rae8 14.Bh6 e5 15.Be3 f6
16.a3 Rf7 17.b4 cxb4 18.axb4 Qxb4 19.Na4 Nb5 20.Reb1 Qe7 21.f3 b6 22.Qe1 Qd7
23.Nb2 Nd4 24.Qd1 Rd8 25.Ra6 Bf8 26.Rba1 Bc5 27.Kh2 Ne6 28.Rxa7 Qxa7 29.Rxa7 Rxa7
30.Bxc5 Nxc5 31.Nc4 Na4 32.Qd2 b5 33.Ne3 h5 34.Nf1 Kg7 35.f4 exf4 36.Qxf4 Re7
37.Nd2 Nc5 38.Qf2 Ne6 39.Qb6 Rd6 40.Nf3 Nd8 41.Qc5 Nf7 42.g4 hxg4 43.hxg4 Red7
44.Kg3 g5 45.Kf2 Rd8 46.Kg2 R8d7 47.Kg3 Rd8 48.Ne1 Re8 49.Ng2 Rde6 50.Ne3 Nh6
51.Kf3 R8e7 52.Nf5+ Nxf5 53.gxf5 Re5 54.Qxc6 Re8 55.Ke3 R8e7 56.Kd2 Kf7 57.Qb6 Rd7
58.Qe3 Rde7 59.Qh3 Kg7 60.Qh5 Rf7 61.Ke3 Rc5 62.d4 Rxc2 63.e5 fxe5 64.Qxg5+ Kh8
65.dxe5 Rfc7 66.Qh5+ Kg8 67.Qe8+ Kh7 68.Qxb5 R7c4 69.Qd7+ Kh8 70.Qe8+ Kh7
71.Qg6+ Kh8 72.f6 R4c3+ 73.Kd4 Rc4+ 74.Kd5 Rc5+ 75.Ke6 Rc6+ 76.Kf5 Rc7 77.Qh5+ Kg8
78.Qg4+ Kh8 79.Kg6 Kg8 80.Qe6+ Kf8 81.Qd5 Rc8 82.Qd6+  1-0

[Event "Open A"]
[Site "Prague CZE"]
[Date "2006.01.13"]
[Round "1"]
[White "Neelotpal,D"]
[Black "Balkova,A"]
[Result "1-0"]
[WhiteElo "2509"]
[BlackElo "1997"]

1.e4 c5 2.Nf3 Nc6 3.Bb5 g6 4.c3 Bg7 5.d4 cxd4 6.cxd4 Qb6 7.Nc3 Nxd4 8.a4 Nxb5
9.axb5 Bxc3+ 10.bxc3 Qxb5 11.Qd4 f6 12.c4 Qc6 13.Qd3 b6 14.Nd4 Qd6 15.Qc3 Qe5
16.O-O Bb7 17.Re1 h5 18.f4 Qc5 19.Ba3 Qc7 20.e5 f5 21.Bd6 Qc8 22.Nb5 Qc6
23.Ra2 Kf7 24.Nd4 Qc8 25.e6+ dxe6 26.Nxe6 exd6 27.Qg7+  1-0

[Event "63rd ch-GEO w"]
[Site "Tbilisi GEO"]
[Date "2006.01.13"]
[Round "5"]
[White "Batsiashvili,N"]
[Black "Javakhishvili,L"]
[Result "1/2-1/2"]
[WhiteElo "2304"]
[BlackElo "2444"]

1.e4 c5 2.Nf3 Nc6 3.Bb5 Qc7 4.O-O Nf6 5.Qe2 e6 6.c3 a6 7.Ba4 b5 8.Bc2 Bb7
9.a4 b4 10.d3 d6 11.Bg5 Be7 12.Nbd2 h6 13.Bh4 O-O 14.Rac1 Rac8 15.h3 Rfe8
16.Rfd1 a5 17.d4 bxc3 18.bxc3 cxd4 19.Nxd4 Ne5 20.Nb5 Ba6 21.Nxc7 Bxe2 22.Nxe8 Nxe8
23.Re1 Bxh4 24.Rxe2 Rxc3 25.Nb3 Bg5 26.Rd1 Nc6 27.Nd4 Nb4 28.Bb1 Ra3 29.Nb5 Rxa4
30.Nxd6 Nxd6 31.Rxd6 Ra1 32.Rb2 g6 33.g3 Be7 34.Rb6 a4 35.Kg2 a3 36.R2xb4 Bxb4
37.Rxb4 a2 38.Bxa2 Rxa2  1/2-1/2

[Event "2nd Bundesliga Ost 2005-6"]
[Site "Austria AUT"]
[Date "2006.01.14"]
[Round "5"]
[White "Schmid,T1"]
[Black "Stranz,R"]
[Result "1/2-1/2"]
[WhiteElo "2117"]
[BlackElo "2234"]

1.e4 c5 2.Nf3 Nc6 3.Bb5 e6 4.O-O Nge7 5.c3 a6 6.Ba4 b5 7.Bc2 Bb7 8.Qe2 d5
9.e5 d4 10.Be4 Qc7 11.cxd4 Nxd4 12.Nxd4 cxd4 13.Bxb7 Qxb7 14.d3 Rc8 15.Nd2 h5
16.Ne4 Nf5  1/2-1/2

[Event "TCh-CZE Extraliga 2005-6"]
[Site "Czech Rep CZE"]
[Date "2006.01.14"]
[Round "7"]
[White "Movsesian,S"]
[Black "Kulhanek,T"]
[Result "1/2-1/2"]
[WhiteElo "2632"]
[BlackElo "2380"]

1.e4 c5 2.Nf3 Nc6 3.Bb5 g6 4.Bxc6 dxc6 5.h3 e5 6.d3 f6 7.Be3 Nh6 8.Qd2 Nf7
9.Qc3 b6 10.a4 a5 11.Nbd2 Be6 12.g4 h5 13.g5 fxg5 14.Nxg5 Qd7 15.Nxf7 Qxf7
16.Qxe5 O-O-O 17.Qxh8 Bg7 18.Qxd8+ Kxd8 19.O-O-O Kc7 20.f4 Bd4 21.Bxd4 cxd4
22.Rdf1 Qd7 23.Rf3 b5 24.axb5 cxb5 25.Rg3 Bf7 26.Rf1 Be8 27.f5 Qd6 28.Rg2 a4
29.fxg6 Bxg6 30.Rg5 Be8 31.e5 Qe6 32.h4 Qh3 33.Kb1 b4 34.Rg7+ Kd8 35.Rf4 Qe3
36.Re4 Qxd2 37.Rxd4+ Kc8 38.Rc4+ Kd8 39.Rd4+ Kc8 40.Rc4+ Kd8  1/2-1/2

[Event "4th Parsvnath Open"]
[Site "New Delhi IND"]
[Date "2006.01.15"]
[Round "1"]
[White "Razdan,A"]
[Black "Harika,D"]
[Result "0-1"]
[WhiteElo "1913"]
[BlackElo "2358"]

1.e4 c5 2.Nf3 Nc6 3.Bb5 g6 4.Bxc6 dxc6 5.h3 Bg7 6.O-O e5 7.d3 Qe7 8.Be3 Nf6
9.Qd2 O-O 10.Bh6 Nh5 11.Bxg7 Kxg7 12.Nc3 f6 13.Ne2 Kh8 14.Qe3 Be6 15.Nd2 g5
16.Kh2 Nf4 17.Nxf4 gxf4 18.Qf3 Rg8 19.Rg1 Rg6 20.a3 Rag8 21.Raf1 Rh6 22.Qe2 Qd7  0-1

[Event "4th Parsvnath Open"]
[Site "New Delhi IND"]
[Date "2006.01.15"]
[Round "1"]
[White "Chernyshov,K"]
[Black "Khan,WA"]
[Result "1-0"]
[WhiteElo "2539"]
[BlackElo "2036"]

1.e4 c5 2.Nf3 Nc6 3.Bb5 d6 4.O-O Bg4 5.h3 Bh5 6.d3 e6 7.c4 Ne7 8.Nc3 a6 9.Ba4 Qc7
10.a3 O-O-O 11.b4 Nd4 12.g4 Bg6 13.Nxd4 cxd4 14.Ne2 e5 15.f4 f6 16.f5 Bf7
17.Ng3 Kb8 18.Rf2 Ka7 19.b5 a5 20.b6+ Qxb6 21.Rb2 Qc7 22.Rab1 Rb8 23.Bd2 Nc6
24.Bxc6 Qxc6 25.Bxa5 Be8 26.Bb6+ Ka8 27.Rb5 Qxc4 28.dxc4 Bxb5  1-0

[Event "63rd ch-GEO w"]
[Site "Tbilisi GEO"]
[Date "2006.01.15"]
[Round "6"]
[White "Gvetadze,Sopi"]
[Black "Tsereteli,T"]
[Result "0-1"]
[WhiteElo "2321"]
[BlackElo "2338"]

1.e4 c5 2.Nf3 Nc6 3.Bb5 g6 4.Bxc6 dxc6 5.d3 Bg7 6.h3 Nf6 7.O-O Nd7 8.Nc3 e5
9.Be3 Qe7 10.Qd2 Nf8 11.Bh6 f6 12.Bxg7 Qxg7 13.Ne2 g5 14.Nh2 Ng6 15.Qe3 Qe7
16.c3 Nf4 17.Ng3 Be6 18.Rfd1 O-O-O 19.b4 cxb4 20.Qxa7 bxc3 21.Qa8+ Kc7 22.Qa5+ Kb8
23.Qxc3 Qd7 24.Qe1 h5 25.a4 h4 26.Ne2 Nxd3 27.Qc3 Nf4 28.Qc2 Nxe2+ 29.Qxe2 Qe7
30.Rdb1 Rd4 31.Qf3 Rhd8 32.Nf1 Bf7 33.Qe3 Bc4 34.Rc1 Bd3 35.Nd2 Qb4 36.Qf3 Qxd2
37.Qxf6 Qf4 38.Qe7 R4d7 39.Qc5 Qxe4 40.a5 Qd4 41.Qa3 Rf7 42.Ra2 Rdf8 43.a6 Rxf2
44.Kh2 Qf4+ 45.Kg1 Rxa2 46.a7+ Ka8  0-1

[Event "13th I.Stepichev Mem"]
[Site "Kyiv UKR"]
[Date "2006.01.17"]
[Round "11"]
[White "Kosikov,Al"]
[Black "Nikolaev,L"]
[Result "1-0"]
[WhiteElo "2427"]
[BlackElo "2314"]

1.e4 c5 2.Nf3 Nc6 3.Bb5 g6 4.Bxc6 bxc6 5.O-O Bg7 6.d3 d6 7.h3 f6 8.Be3 Nh6
9.Nbd2 O-O 10.a3 f5 11.Bxh6 Bxh6 12.e5 Rb8 13.b3 d5 14.Re1 e6 15.d4 cxd4
16.b4 a5 17.Nxd4 Qc7 18.c3 c5 19.bxc5 Qxc5 20.N2b3 Qc7 21.a4 Bd7 22.Qd3 Rfc8
23.Qg3 Bg7 24.Re3 Qd8 25.h4 Kf7 26.f4 Rc4 27.h5 gxh5 28.Nd2 Rcc8 29.Qh2 h4
30.N2f3 Qb6 31.Qxh4 h6 32.Qh5+ Kg8 33.Kh1 Qb2 34.Rg1 Qf2 35.Rd3 Qg3 36.Ne2 Qg4
37.Qh2 Rb2 38.Nfd4 Rxe2 39.Rg3 Re4 40.Rxg4 fxg4 41.Qg3 h5 42.Rb1 Rf8 43.Qh4 Rexf4
44.Qxh5 g3 45.Kg1 Re4 46.Qg5 Rxe5 47.Qxg3 Rh5 48.Rb7 Rf7 49.Qg6 Rh6 50.Rb8+ Rf8
51.Rxf8+ Kxf8 52.Qg4 Rf6 53.Nf3 Bh6 54.Qd4 Bg7 55.Qc5+ Ke8 56.Ne5 Bxa4  1-0

[Event "Classic"]
[Site "Queenstown NZL"]
[Date "2006.01.17"]
[Round "3"]
[White "Chandler,M"]
[Black "Donaldson,B"]
[Result "1-0"]
[WhiteElo "2537"]
[BlackElo "2012"]

1.e4 c5 2.Nf3 Nc6 3.Bb5 g6 4.O-O Bg7 5.Re1 Nf6 6.c3 O-O 7.h3 d5 8.e5 Ne8
9.d4 cxd4 10.cxd4 Nc7 11.Bxc6 bxc6 12.b3 Ne6 13.Nc3 Bb7 14.Na4 Rc8 15.Ba3 Re8
16.Qd2 h6 17.Rac1 Ba8 18.Nc5 Nxc5 19.Bxc5 Qc7 20.e6 f5 21.Ne5 Bxe5 22.Rxe5 Kh7
23.Ba3 Qd8 24.Rc5 Rh8 25.Ra5 Rc7 26.Bc5 Qb8 27.Qc1 Re8 28.Qa3 Bb7 29.Bxa7  1-0

[Event "Classic"]
[Site "Queenstown NZL"]
[Date "2006.01.18"]
[Round "4"]
[White "Forster,W"]
[Black "Lazarus,B"]
[Result "0-1"]
[WhiteElo "1957"]
[BlackElo "2155"]

1.e4 c5 2.Nf3 Nc6 3.Bb5 g6 4.Bxc6 bxc6 5.O-O Bg7 6.Re1 f6 7.c3 Nh6 8.d4 cxd4
9.cxd4 O-O 10.Nc3 d6 11.Qe2 Kh8 12.b3 e5 13.d5 cxd5 14.Nxd5 f5 15.Bg5 Qd7
16.Rac1 fxe4 17.Qxe4 Bb7 18.Red1 Rac8 19.Rxc8 Rxc8 20.Qe3 Nf5 21.Qxa7 Ra8
22.Qb6 Rxa2 23.h3 h6 24.Qd8+ Qxd8 25.Bxd8 e4 26.Nh4 Bd4 27.Rxd4 Nxd4 28.Nxg6+ Kh7
29.Ngf4 Ne2+ 30.Kf1 Nxf4 31.Nxf4 Rb2 32.Be7 d5 33.b4 d4 34.Ke1 Ba6 35.Bc5 d3
36.Be3 Bc4 37.h4 d2+  0-1

[Event "Open"]
[Site "Zagreb CRO"]
[Date "2006.01.19"]
[Round "6"]
[White "Zufic,M"]
[Black "Saric,Iv"]
[Result "0-1"]
[WhiteElo "2391"]
[BlackElo "2339"]

1.e4 c5 2.Nf3 Nc6 3.Bb5 g6 4.Bxc6 dxc6 5.d3 Bg7 6.h3 Nf6 7.Nc3 Nd7 8.Be3 e5
9.Qd2 h6 10.O-O Qe7 11.Nh2 Nf8 12.f4 exf4 13.Rxf4 Be6 14.Raf1 O-O-O 15.R4f2 g5
16.Na4 b6 17.a3 Qd6 18.Nf3 Ng6 19.b4 c4 20.d4 Qg3 21.Kh1 g4 22.hxg4 h5 23.g5 h4
24.Qe1 h3 25.Kg1 Nh4 26.Nxh4 Qxh4 27.Rf4 Qxg5 28.g3 Bxd4 29.Kh2 Rhg8 30.Bxd4 Rxd4
31.Qe3 Rd2+ 32.R1f2 Rxf2+ 33.Qxf2 Qe5 34.Qe3 Rd8 35.Rf2 Qa1 36.Qf3 Qe1 37.Qe2 Rd1
38.Qxe1 Rxe1 39.g4 Rxe4 40.Kxh3 Rxg4 41.Nc3 Rf4+ 42.Kg3 Rxf2 43.Kxf2 Bf5
44.Ke3 Bxc2 45.Kd4 Bd3 46.a4 f5 47.Ke5 Kc7 48.Nd1 b5 49.axb5 cxb5 50.Nc3 Kb6
51.Nd5+ Kb7 52.Nc3 a5  0-1

[Event "2nd Bundesliga West 2005-6"]
[Site "Austria AUT"]
[Date "2006.01.20"]
[Round "6"]
[White "Sandholzer,R"]
[Black "Schiestl,J"]
[Result "1/2-1/2"]
[WhiteElo "2106"]
[BlackElo "2157"]

1.e4 c5 2.Nf3 Nc6 3.Bb5 g6 4.O-O Bg7 5.c3 Nf6 6.Re1 O-O 7.d4 cxd4 8.cxd4 d5
9.e5 Ne4 10.Nc3 Bf5 11.Be3 Rc8 12.Rc1 a6 13.Ba4 Qd7 14.Qe2 b5 15.Bb3 Na5
16.Nd2 Nxc3 17.Rxc3 Rxc3 18.bxc3 Rc8 19.Rc1 Nc4 20.h3 h5 21.Nxc4 bxc4 22.Bc2 Rb8
23.Bxf5 Qxf5 24.Rc2 Rb1+ 25.Kh2 Qd7 26.Rb2 Rxb2 27.Qxb2 f6 28.exf6 Qd6+ 29.g3 Bxf6
30.Qb1 Kg7 31.Bf4 Qc6 32.h4 Qb5 33.Qc2 a5 34.Bc1 e5 35.dxe5 Bxe5 36.Qd2 Qc6
37.Qe3 Qf6 38.Bb2 Qxh4+ 39.Kg1 Qe4 40.Qa7+ Kg8 41.Qxa5 Kh7 42.Qb5 Bg7 43.a4 Qb1+
44.Kg2 Qe4+ 45.Kg1 h4 46.gxh4 Qg4+ 47.Kf1 Qh3+ 48.Kg1 d4 49.cxd4 c3 50.Bxc3 Qxc3
51.h5 Bxd4 52.hxg6+ Kh6 53.Qf5 Qa1+ 54.Kg2 Qxa4 55.Qf7 Qc6+ 56.Kg1  1/2-1/2

[Event "2nd Bundesliga West 2005-6"]
[Site "Austria AUT"]
[Date "2006.01.20"]
[Round "6"]
[White "Froewis,G"]
[Black "Gerhold,M"]
[Result "1-0"]
[WhiteElo "2065"]
[BlackElo "2209"]

1.e4 c5 2.Nf3 Nc6 3.Bb5 g6 4.Bxc6 dxc6 5.d3 Bg7 6.h3 Nf6 7.Nc3 b6 8.O-O O-O
9.Be3 h6 10.Qd2 Kh7 11.a3 Nd7 12.b4 f5 13.Bg5 hxg5 14.Nxg5+ Kg8 15.Ne6 Qe8
16.Rae1 f4 17.f3 Bd4+ 18.Kh1 Be3 19.Rxe3 fxe3 20.Qxe3 Bb7 21.f4 Qf7 22.f5 cxb4
23.Rf4 Qf6 24.Qg3 bxa3 25.d4 c5 26.e5 Qxe6 27.fxe6 Rxf4 28.Qxf4 Rf8 29.exd7 Rxf4
30.d8=Q+ Kf7 31.dxc5 Rf2 32.e6+  1-0

[Event "2nd Bundesliga West 2005-6"]
[Site "Austria AUT"]
[Date "2006.01.21"]
[Round "7"]
[White "Drabke,L"]
[Black "Webersberger,J"]
[Result "1-0"]
[WhiteElo "2384"]
[BlackElo "2258"]

1.e4 c5 2.Nf3 Nc6 3.Bb5 Na5 4.c3 a6 5.Be2 Nf6 6.e5 Nd5 7.d4 cxd4 8.Qxd4 e6
9.c4 Bb4+ 10.Bd2 Bxd2+ 11.Nbxd2 Ne7 12.Bd3 Nac6 13.Qg4 Ng6 14.Qg3 Qa5 15.Bxg6 fxg6
16.h4 O-O 17.h5 gxh5 18.Rxh5 Ne7 19.O-O-O Nf5 20.Qh2 h6 21.g4 Ne7 22.g5 Qxa2
23.gxh6 g6 24.h7+ Kh8 25.Qh4 Qa1+ 26.Nb1 Nc6 27.Qg5 Nb4 28.Qe7  1-0

[Event "Winter Open"]
[Site "Belgrade SCG"]
[Date "2006.01.21"]
[Round "1"]
[White "Pucarevic,M"]
[Black "Zivkovic,Veli"]
[Result "1-0"]
[WhiteElo "2268"]
[BlackElo "2004"]

1.e4 c5 2.Nf3 Nc6 3.Bb5 Qc7 4.Nc3 e6 5.O-O Nf6 6.Re1 a6 7.Bxc6 bxc6 8.e5 Nd5
9.Ne4 Be7 10.c4 Nb6 11.b3 Rb8 12.Ba3 O-O 13.d4 Na8 14.Bxc5 Bxc5 15.dxc5 Qd8
16.Qd3 h6 17.Rad1 Nc7 18.Nd4 Qe7 19.Re3 Ne8 20.Rg3 f6 21.exf6 Nxf6 22.Nd6 Nh5
23.Rg4 Qf6 24.Qe3 Kh8 25.g3 Kh7 26.f4 g6 27.Nf3 Rg8 28.Ne5 Rg7 29.Qe4  1-0